Заставе Јужне Америке - Statistics

General Stats
  • This quiz has been taken 1 097 times
  • The average score is 11 of 12
Answer Stats
Picture Answer % Correct
Аргентина
100%
Бразил
99%
Уругвај
97%
Чиле
92%
Перу
89%
Колумбија
89%
Венецуела
87%
Парагвај
86%
Еквадор
84%
Боливија
81%
Суринам
77%
Гвајана
71%
No matching quizzes found
Score Distribution
Percent of People with Each Score
Percentile by Number Answered
Your Score History
You have not taken this quiz